<?xml version="1.0" encoding="UTF-8"?>
<record
    xmlns:xsi="http://www.w3.org/2001/XMLSchema-instance"
    xsi:schemaLocation="http://www.loc.gov/MARC21/slim http://www.loc.gov/standards/marcxml/schema/MARC21slim.xsd"
    xmlns="http://www.loc.gov/MARC21/slim">

  <leader>02517nam a2200217 a 4500</leader>
  <controlfield tag="001">000048446</controlfield>
  <controlfield tag="005">20201002061147.0</controlfield>
  <controlfield tag="008">190320s2013    dr a          000 0 spa d</controlfield>
  <datafield tag="020" ind1=" " ind2=" ">
    <subfield code="a">9789945416510</subfield>
  </datafield>
  <datafield tag="040" ind1=" " ind2=" ">
    <subfield code="a">DO-SdBNP</subfield>
    <subfield code="b">spa</subfield>
    <subfield code="c">BNPHU</subfield>
  </datafield>
  <datafield tag="082" ind1=" " ind2=" ">
    <subfield code="a">xxxx</subfield>
    <subfield code="b">Y65a</subfield>
  </datafield>
  <datafield tag="100" ind1="1" ind2=" ">
    <subfield code="a">Yost, Milagros</subfield>
    <subfield code="9">75860</subfield>
  </datafield>
  <datafield tag="245" ind1="1" ind2="3">
    <subfield code="a">La auditor&#xED;a acad&#xE9;mica como instrumento de aseguramiento de la calidad ense&#xF1;anza semi-presencial /</subfield>
    <subfield code="c">Milagros Yost ; pr&#xF3;logo Alejandrina Germ&#xE1;n.</subfield>
  </datafield>
  <datafield tag="260" ind1=" " ind2=" ">
    <subfield code="a">Santo Domingo :</subfield>
    <subfield code="b">Ediciones Unicaribe,</subfield>
    <subfield code="c">2013.</subfield>
  </datafield>
  <datafield tag="300" ind1=" " ind2=" ">
    <subfield code="a">100 p. :</subfield>
    <subfield code="b">il. ;</subfield>
    <subfield code="c">24 cm.</subfield>
  </datafield>
  <datafield tag="500" ind1=" " ind2=" ">
    <subfield code="a">Incluye datos biogr&#xE1;ficos de la autora en la solapa de la contracubierta</subfield>
  </datafield>
  <datafield tag="504" ind1=" " ind2=" ">
    <subfield code="a">Bibliograf&#xED;a : p. 91-100</subfield>
  </datafield>
  <datafield tag="505" ind1="0" ind2=" ">
    <subfield code="a">Cap&#xED;tulo 1</subfield>
    <subfield code="t">Introducci&#xF3;n --</subfield>
    <subfield code="t">Contexto del Problema --</subfield>
    <subfield code="t">Establecimiento del Problema --</subfield>
    <subfield code="t">Importancia de la Investigaci&#xF3;n --</subfield>
    <subfield code="t">Prop&#xF3;sito del Estudio --</subfield>
    <subfield code="g">Cap&#xED;tulo 2</subfield>
    <subfield code="t">Revisi&#xF3;n literaria --</subfield>
    <subfield code="t">Contexto: Calidad Universitaria y su Vinculaci&#xF3;n con el Cumplimiento de las Normativas --</subfield>
    <subfield code="t">Sistemas de Aseguramiento de la Calidad --</subfield>
    <subfield code="t">El Blended Learning o Educaci&#xF3;n Semi-presencial: Conceptos y Teor&#xED;as Claves --</subfield>
    <subfield code="t">Origen, Concepto y Fundamento de la Auditor&#xED;a --</subfield>
    <subfield code="t">La Auditoria Acad&#xE9;mica: Sustentaci&#xF3;n, Criterios y Metodolog&#xED;a --</subfield>
    <subfield code="t">Metodolog&#xED;a --</subfield>
    <subfield code="t">Tendencias de la Auditor&#xED;a Acad&#xE9;mica --</subfield>
    <subfield code="t">Tipos de Auditor&#xED;as Acad&#xE9;micas --</subfield>
    <subfield code="t">Metodolog&#xED;a Auditor&#xED;as Acad&#xE9;micas --</subfield>
    <subfield code="t">Procesos y T&#xE9;cnicas de la Auditoria --</subfield>
    <subfield code="t">Hallazgos de la Auditoria Acad&#xE9;mica: Papel de Evidencia --</subfield>
    <subfield code="g">Cap&#xED;tulo 3</subfield>
    <subfield code="t">Metodolog&#xED;a --</subfield>
    <subfield code="t">Tipo de Estudio --</subfield>
    <subfield code="t">Objetivos --</subfield>
    <subfield code="t">Participantes --</subfield>
    <subfield code="t">T&#xE9;cnicas e instrumentos --</subfield>
    <subfield code="t">Procedimientos --</subfield>
    <subfield code="t">Dise&#xF1;o --</subfield>
    <subfield code="t">An&#xE1;lisis de los Datos --</subfield>
    <subfield code="t">Limitaciones --</subfield>
    <subfield code="g">Cap&#xED;tulo 4</subfield>
    <subfield code="t">Resultados --</subfield>
    <subfield code="t">Informaci&#xF3;n Demogr&#xE1;fica de los Informantes seg&#xFA;n Grupo Participante --</subfield>
    <subfield code="t">Resultados Sobre las Caracter&#xED;sticas de los Modelos H&#xED;bridos o Semi-Presenciales --</subfield>
    <subfield code="t">Resultados Sobre los Componentes Indispensables que debe Contemplar un Sistema de Auditoria Acad&#xE9;mica en la Modalidad Semi-Presencial --</subfield>
    <subfield code="t">Resultados Sobre los Alcances y Beneficios que puede Proporcionar un Sistema de Auditoria Propio a la Modalidad de Ense&#xF1;anza Semi-presencial --</subfield>
    <subfield code="t">Auditoria producido --</subfield>
    <subfield code="t">Pertinencia del Modelo --</subfield>
    <subfield code="t">Comprensi&#xF3;n del Modelo --</subfield>
    <subfield code="t">Integralidad del Modelo --</subfield>
    <subfield code="t">Contribuci&#xF3;n de la Calidad en el Modelo --</subfield>
    <subfield code="g">Cap&#xED;tulo 5</subfield>
    <subfield code="t">Discusi&#xF3;n --</subfield>
    <subfield code="t">Modelo de Auditor&#xED;a Acad&#xE9;mica Propuesto --</subfield>
    <subfield code="t">Fases del Modelo Propuesto --</subfield>
    <subfield code="t">Conclusiones --</subfield>
    <subfield code="t">Implicaciones --</subfield>
  </datafield>
  <datafield tag="590" ind1=" " ind2=" ">
    <subfield code="a">Inventariado, 2019/LP</subfield>
  </datafield>
  <datafield tag="700" ind1="1" ind2=" ">
    <subfield code="a">Germ&#xE1;n, Alejandrina,</subfield>
    <subfield code="e">pr&#xF3;l.</subfield>
    <subfield code="9">12096</subfield>
  </datafield>
  <datafield tag="952" ind1=" " ind2=" ">
    <subfield code="0">0</subfield>
    <subfield code="1">0</subfield>
    <subfield code="7">1</subfield>
    <subfield code="8">PD</subfield>
    <subfield code="a">PD</subfield>
    <subfield code="b">PD</subfield>
    <subfield code="c">HD</subfield>
    <subfield code="d">2019-03-20</subfield>
    <subfield code="i">LF1</subfield>
    <subfield code="l">0</subfield>
    <subfield code="o">xxxx Y65a</subfield>
    <subfield code="p">48446-10</subfield>
    <subfield code="r">2020-06-25</subfield>
    <subfield code="w">2020-06-25</subfield>
    <subfield code="y">LFPD</subfield>
    <subfield code="Z">No se presta</subfield>
  </datafield>
  <datafield tag="999" ind1=" " ind2=" ">
    <subfield code="c">47934</subfield>
    <subfield code="d">47934</subfield>
  </datafield>
</record>
